00539nam a2200133Ia 4500008004100000020001800041100005100059245011200110260002700222650002200249856004200271999001900313952007300332171212s9999 xx 000 0 und d a9780833042149 aDavis, Paul K.;Shaver, Russell D.;Beck, Justin cDavis, Paul K.;Shaver, Russell D.;Beck, JustinaPortfolio-Analysis Methods for Assessing Capability Options bRAND Corporationc2008 aPolitical Science uwww.jstor.org/stable/10.7249/mg662osd c352413d352413 001040aCLbCLd2017-12-12l0r2017-12-12 00:00:00w2017-12-12yCBE